Writers on organizations : (Record no. 15339)
[ view plain ]
| 000 -LEADER | |
|---|---|
| fixed length control field | 00826cam a2200265 a 4500 |
| 001 - CONTROL NUMBER | |
| control field | 15339 |
| 003 - CONTROL NUMBER IDENTIFIER | |
| rucl marc code | BD-RjUL |
| 005 - DATE AND TIME OF LATEST TRANSACTION | |
| control field | 20211208235809.0 |
| 008 - FIXED-LENGTH DATA ELEMENTS--GENERAL INFORMATION | |
| fixed length control field | 140209s1964 enk 001 0 eng u |
| 035 ## - SYSTEM CONTROL NUMBER | |
| System control number | (BD-RjUL)15393 |
| -- | 0140802665 |
| 040 ## - CATALOGING SOURCE | |
| Original cataloging agency | WSU |
| Modifying agency | BD-RjUL |
| Language of cataloging | eng |
| Transcribing agency | BD-RjUL |
| 041 ## - LANGUAGE CODE | |
| Language code of text/sound track or separate title | eng |
| 082 ## - DEWEY DECIMAL CLASSIFICATION NUMBER | |
| Classification number | 301.1832 |
| Author mark and year | PUW 1964 |
| 100 1# - MAIN ENTRY--PERSONAL NAME | |
| Personal name | Pugh, Derek Salman. |
| 9 (RLIN) | 46120 |
| 245 10 - TITLE STATEMENT | |
| Title | Writers on organizations : |
| Remainder of title | an introduction / |
| Statement of responsibility, etc. | D.S. Pugh, D.J. Hickson and C.J. Hinings. |
| 260 ## - PUBLICATION, DISTRIBUTION, ETC. (IMPRINT) | |
| Place of publication, distribution, etc. | London : |
| Name of publisher, distributor, etc. | Hutchinson, |
| Date of publication, distribution, etc. | c1964. |
| 300 ## - PHYSICAL DESCRIPTION | |
| Pagination | xii, 98 p. ; |
| Size | 21 cm. |
| 504 ## - BIBLIOGRAPHY, ETC. NOTE | |
| Bibliography, etc | Include index. |
| 650 #0 - SUBJECT ADDED ENTRY--TOPICAL TERM | |
| Topical term or geographic name as entry element | Organization |
| 9 (RLIN) | 47666 |
| Topical term or geographic name as entry element | Industrial management |
| 9 (RLIN) | 47667 |
| 700 1# - ADDED ENTRY--PERSONAL NAME | |
| Personal name | Hickson, David John |
| Personal name | Hinings, C. R. |
| Fuller form of name | (Christopher Robin), |
| Dates associated with a name | 1937- |
| 942 ## - ADDED ENTRY ELEMENTS (KOHA) | |
| Source of classification or shelving scheme | Dewey Decimal Classification |
| Koha item type | Books |
| Lost status | Source of classification or shelving scheme | Damaged status | Not for loan | Collection code | Permanent Location | Current Location | Shelving location | Date acquired | Source of acquisition | Cost, normal purchase price | Total Checkouts | Full call number | Date last seen | Copy number | Koha item type |
|---|---|---|---|---|---|---|---|---|---|---|---|---|---|---|---|
| Dewey Decimal Classification | Not For Loan | Non-fiction | Central Library, University of Rajshahi | Central Library, University of Rajshahi | Reading Room | 24/02/2067 | Pakistan book centre | 11.25 | 301.1832 PUW 1964 | 09/02/2014 | C-1 | Books |